<?xml version="1.0" encoding="UTF-8"?>
<collection xmlns="http://www.loc.gov/MARC21/slim">
 <record>
  <leader>01481pamaa2200253   4500</leader>
  <controlfield tag="001">0000046999</controlfield>
  <controlfield tag="005">20130314090000.0</controlfield>
  <controlfield tag="008">100427                             eng  </controlfield>
  <datafield tag="020" ind1="0" ind2="0">
   <subfield code="a">9780323066112 (pbk.) </subfield>
  </datafield>
  <datafield tag="090" ind1="0" ind2="0">
   <subfield code="a">RC78.3 </subfield>
   <subfield code="b">STA 2011</subfield>
  </datafield>
  <datafield tag="100" ind1="1" ind2="0">
   <subfield code="a">Statkiewicz-Sherer </subfield>
  </datafield>
  <datafield tag="245" ind1="1" ind2="0">
   <subfield code="a">Radiation protection in medical radiography  </subfield>
   <subfield code="c">Mary Alice Statkiewicz Sherer, Paula J. Visconti, E. Russell Ritenour.</subfield>
  </datafield>
  <datafield tag="250" ind1="0" ind2="0">
   <subfield code="a">6th ed.</subfield>
  </datafield>
  <datafield tag="260" ind1="0" ind2="0">
   <subfield code="a">Maryland Heights, MO: </subfield>
   <subfield code="b">Mosby Elsevier, </subfield>
   <subfield code="c">2011.</subfield>
  </datafield>
  <datafield tag="300" ind1=" " ind2=" ">
   <subfield code="a">ix, 371p: </subfield>
   <subfield code="b">ill.; </subfield>
   <subfield code="c">24 cm.</subfield>
  </datafield>
  <datafield tag="501" ind1="0" ind2="0">
   <subfield code="a">DMIGI</subfield>
  </datafield>
  <datafield tag="504" ind1="0" ind2="0">
   <subfield code="a">Includes bibliographical references and index</subfield>
  </datafield>
  <datafield tag="505" ind1="0" ind2="0">
   <subfield code="a">Introduction to radiation protection -- Interaction of x-radiation with matter -- Radiation quantities and units -- Radiation monitoring -- Overview of cell biology -- Molecular and cellular radiation biology -- Early radiation effects on organ systems -- Late radiation effects on organ systems -- Dose limits for exposure to ionizing radiation -- Equipment design for radiation protection -- Management of patient radiation dose during diagnostic x-ray procedures -- Management of imaging personnel radiation dose during diagnostic x-ray procedures -- Radioisotopes and radiation protection</subfield>
  </datafield>
  <datafield tag="650" ind1="0" ind2="0">
   <subfield code="a">Radiography, Medical -- </subfield>
   <subfield code="x">Safety measures </subfield>
  </datafield>
  <datafield tag="650" ind1="0" ind2="0">
   <subfield code="a">Radiography -- </subfield>
   <subfield code="x">adverse effects </subfield>
  </datafield>
  <datafield tag="650" ind1="0" ind2="0">
   <subfield code="a">Radiation Protection -- </subfield>
   <subfield code="x">methods </subfield>
  </datafield>
  <datafield tag="700" ind1="1" ind2="1">
   <subfield code="a">Visconti, </subfield>
   <subfield code="h">Paula J. </subfield>
  </datafield>
  <datafield tag="700" ind1="1" ind2="1">
   <subfield code="a">Ritenour, </subfield>
   <subfield code="h">E. Russell </subfield>
  </datafield>
  <datafield tag="901" ind1=" " ind2=" ">
   <subfield code="u">http://www.elsevierhealth.com</subfield>
  </datafield>
 </record>
</collection>
